MARC details
| 000 -CABECERA |
| campo de control de longitud fija |
02561nam a22003974i 4500 |
| 001 - NÚMERO DE CONTROL |
| campo de control |
991061305699406706 |
| 003 - IDENTIFICADOR DEL NÚMERO DE CONTROL |
| campo de control |
ES-BaIT |
| 005 - FECHA Y HORA DE LA ÚLTIMA TRANSACCIÓN |
| campo de control |
20260311123853.0 |
| 008 - DATOS DE LONGITUD FIJA--INFORMACIÓN GENERAL |
| campo de control de longitud fija |
250328s2024 sp ||||r|||||0|| d spa|c |
| 017 ## - NÚMERO DE COPYRIGHT O DE DEPÓSITO LEGAL |
| Número de copyright o de depósito legal |
M 23337-2024 |
| Agencia que asigna |
Oficina DL Madrid |
| 020 ## - NÚMERO INTERNACIONAL ESTÁNDAR DEL LIBRO |
| Número Internacional Estándar del Libro |
9788410210004 |
| 040 ## - FUENTE DE LA CATALOGACIÓN |
| Centro catalogador/agencia de origen |
ES-BaIT |
| Lengua de catalogación |
cat |
| Normas de descripción |
rda |
| Centro/agencia transcriptor |
ES-BaIT |
| 041 1# - CÓDIGO DE LENGUA |
| Código de lengua del texto/banda sonora o título independiente |
spa |
| Código de lengua original |
fre |
| 080 ## - NÚMERO DE LA CLASIFICACIÓN DECIMAL UNIVERSAL |
| Número de la Clasificación Decimal Universal |
840-2"20" |
| 100 1# - ENTRADA PRINCIPAL--NOMBRE DE PERSONA |
| Nombre de persona |
Lebeau, Suzanne |
| Término indicativo de función/relación |
autor |
| 9 (RLIN) |
28797 |
| 245 10 - MENCIÓN DE TÍTULO |
| Título |
Antígona bajo el sol de mediodia / |
| Mención de responsabilidad, etc. |
Suzanne Lebeau ; traducción de Coto Adánez |
| 264 #1 - PRODUCCIÓN, PUBLICACIÓN, DISTRIBUCIÓN, FABRICACIÓN Y COPYRIGHT |
| Producción, publicación, distribución, fabricación y copyright |
Madrid : |
| Nombre del de productor, editor, distribuidor, fabricante |
ASSITEJ España, |
| Fecha de producción, publicación, distribución, fabricación o copyright |
2024 |
| 300 ## - DESCRIPCIÓN FÍSICA |
| Extensión |
84 pàgines; |
| Dimensiones |
19 cm |
| 336 ## - TIPO DE CONTENIDO |
| Término de tipo de contenido |
text |
| Código de tipo de contenido |
txt |
| Fuente |
rdacontent |
| 337 ## - TIPO DE MEDIO |
| Nombre/término del tipo de medio |
sense mediació |
| Código del tipo de medio |
n |
| Fuente |
rdamedia |
| 338 ## - TIPO DE SOPORTE |
| Nombre/término del tipo de soporte |
volum |
| Código del tipo de soporte |
nc |
| Fuente |
rdacarrier |
| 490 1# - MENCIÓN DE SERIE |
| Mención de serie |
Colección Internacional de Teatro; |
| Designación de volumen o secuencia |
12 |
| 500 ## - NOTA GENERAL |
| Nota general |
Títol original: Antigone sous le soleil de midi |
| 500 ## - NOTA GENERAL |
| Nota general |
P3: D1, H2 |
| 520 ## - SUMARIO, ETC. |
| Sumario, etc. |
"Antígona bajo el sol de mediodía es una relectura contemporánea y profunda del clásico mito griego. Suzanne Lebeau nos invita a acompañar a Antígona en su lucha, una joven que se enfrenta a la autoridad, no solo por el peso del destino, sino por el imperativo moral que la impulsa a seguir su conciencia. Entre el rigor de las leyes de su tío Creonte y el derecho a honrar a los suyos, se despliega una batalla de convicciones que sigue resonando con fuerza en el presente.En esta versión, escrita con un estilo poético y accesible, Lebeau explora la fragilidad de los personajes, revelando sus dudas y temores en un mundo que castiga tanto la obediencia como la rebeldía. A plena luz del mediodía, cuando las sombras no existen, las preguntas más incómodas sobre la justicia, la familia y la responsabilidad personal emergen sin escapatoria.En este texto, Suzanne Lebeau, nos recuerda que los dilemas éticos no tienen edad y que la valentía de escuchar la propia voz interior es una lección tan antigua como imprescindible." -- Contracoberta |
| 600 04 - PUNTO DE ACCESO ADICIONAL DE MATERIA--NOMBRE DE PERSONA |
| Nombre de persona |
Antígona (Personatge mitològic) |
| Subdivisión general |
Textos dramàtics |
| 9 (RLIN) |
166904 |
| 650 #0 - PUNTO DE ACCESO ADICIONAL DE MATERIA--TÉRMINO DE MATERIA |
| Término de materia o nombre geográfico como elemento de entrada |
Mitologia grega |
| Subdivisión de forma |
Textos dramàtics |
| 9 (RLIN) |
68164 |
| 650 #4 - PUNTO DE ACCESO ADICIONAL DE MATERIA--TÉRMINO DE MATERIA |
| Término de materia o nombre geográfico como elemento de entrada |
Literatura dramàtica infantil francesa |
| Subdivisión cronológica |
S. XX |
| Subdivisión general |
Textos dramàtics |
| 9 (RLIN) |
142566 |
| 650 #0 - PUNTO DE ACCESO ADICIONAL DE MATERIA--TÉRMINO DE MATERIA |
| Término de materia o nombre geográfico como elemento de entrada |
Literatura dramàtica juvenil francesa |
| Subdivisión cronológica |
S. XX |
| Subdivisión general |
Textos dramàtics |
| 9 (RLIN) |
155969 |
| 700 1# - ENTRADA AGREGADA--NOMBRE PERSONAL |
| Nombre de persona |
Adánez del Hoyo, Coto |
| Término indicativo de función/relación |
traductor |
| 9 (RLIN) |
141811 |
| 700 1# - ENTRADA AGREGADA--NOMBRE PERSONAL |
| Información de relación/Frase instructiva de referencia |
Contenidor de (expressió): |
| Nombre de persona |
Lebeau, Suzanne. |
| Título de la obra |
Antigone sous le soleil de midi. |
| Lenguaje de la obra |
Castellà |
| 830 #0 - PUNTO DE ACCESO ADICIONAL DE SERIE-TÍTULO UNIFORME |
| Título uniforme |
Colección internacional de teatro ASSITEJ España |
| Designación de volumen o secuencia |
12 |
| 9 (RLIN) |
124476 |
| 908 ## - COLOCAR PARÁMETRO DE COMANDO (RLIN) |
| Colocar parámetro de comando |
CDMAE |
| 940 ## - EQUIVALENCIA O REFERENCIA-CRUZADA--TÍTULO UNIFORME [OBSOLETO] [solamente CAN/MARC] |
| Título uniforme |
<a href="CDMAE">CDMAE</a> |
| 942 ## - ELEMENTOS DE ENTRADA AGREGADA (KOHA) |
| Fuente del sistema de clasificación o colocación |
Clasificación decimal universal |
| Tipo de ítem Koha |
Llibre |